[Event "CZE-chT2C 0809"]
[Site "Czech Republic"]
[Date "2009.02.08"]
[Round "8.3"]
[White "Klecker, Tadeas"]
[Black "Bernard, Borek"]
[Result "0-1"]
[WhiteElo "2170"]
[BlackElo "2316"]
[PlyCount "96"]
[EventDate "2008.10.12"]
[EventType "team-tourn"]
[EventRounds "11"]
[EventCountry "CZE"]
[SourceTitle "EXT 2010"]
[Source "ChessBase"]
[SourceDate "2010.11.25"]
[SourceVersion "1"]
[SourceVersionDate "2010.11.25"]
[SourceQuality "1"]
[WhiteTeam "Praha Oaza"]
[BlackTeam "Rapid"]
[WhiteTeamCountry "CZE"]
[BlackTeamCountry "CZE"]

1. d4 d5 2. c4 e5 3. dxe5 d4 4. Nf3 Nc6 5. a3 Bg4 6. Nbd2 Qd7 7. b4 0-0-0 8. Bb2 Qe6 9. b5 Nxe5 10. Nxe5 Qxe5 11. h3 Bh5 12. g4 Bg6 13. Bg2 Bc5 14. Nb3 Nf6 15. f4 Qe3 16. Nxc5 d3 17. f5 Rhe8 18. Nxd3 Rxd3 19. Qc2 Qg3+ 20. Kf1 Rde3 21. Bxf6 Rxe2 22. Qxe2 Rxe2 23. Bxb7+ Kxb7 24. Kxe2 gxf6 25. fxg6 Qe5+ 26. Kd3 Qg3+ 27. Kc2 fxg6 28. Kb2 Qf2+ 29. Kc3 Qe3+ 30. Kc2 Kb6 31. Rhd1 Qxh3 32. Rd4 Qe3 33. Rad1 Qxa3 34. Rd7 Qe3 35. R1d2 Qe4+ 36. Kc3 Qxg4 37. Rxh7 Qg3+ 38. Rd3 Qe5+ 39. Kb3 Ka5 40. Rdd7 Qe3+ 41. Kc2 Kb4 42. Rxc7 Qe2+ 43. Kc1 g5 44. Rhe7 Qf2 45. Rxa7 g4 46. c5 g3 47. Re4+ Kb3 48. Kd1 Qc2+ 0-1

[Event "CZE-chT2C 0809"]
[Site "Czech Republic"]
[Date "2008.11.09"]
[Round "2.2"]
[White "Bernard, Borek"]
[Black "Hosek, Milan"]
[Result "1-0"]
[WhiteElo "2316"]
[BlackElo "2302"]
[PlyCount "70"]
[EventDate "2008.10.12"]
[EventType "team-tourn"]
[EventRounds "11"]
[EventCountry "CZE"]
[SourceTitle "EXT 2010"]
[Source "ChessBase"]
[SourceDate "2010.11.25"]
[SourceVersion "1"]
[SourceVersionDate "2010.11.25"]
[SourceQuality "1"]
[WhiteTeam "Rapid"]
[BlackTeam "Polabiny III"]
[WhiteTeamCountry "CZE"]
[BlackTeamCountry "CZE"]

1. e4 c6 2. d4 d5 3. Nd2 dxe4 4. Nxe4 Nd7 5. Nf3 Ngf6 6. Ng3 e6 7. Bd3 c5 8. 0-0 Be7 9. c3 0-0 10. Qe2 cxd4 11. cxd4 Nb6 12. Ne4 Nbd5 13. Bd2 b6 14. Rfe1 Bb7 15. Ne5 Nxe4 16. Qxe4 g6 17. Bh6 f5 18. Qe2 Bg5 19. Nc6 Nf4 20. Nxd8 Nxe2+ 21. Rxe2 Rfxd8 22. Bxg5 Rxd4 23. Bc2 Kf7 24. Bb3 Bd5 25. Be3 Re4 26. f3 Re5 27. Bxd5 Rxd5 28. Rc1 Rad8 29. Rc7+ R8d7 30. Rxd7+ Rxd7 31. Rd2 Rc7 32. Bf4 Rc1+ 33. Kf2 Kf6 34. Bb8 a6 35. f4 g5 1-0

[Event "Pardubice op-C"]
[Site "Pardubice"]
[Date "2005.07.??"]
[Round "6"]
[White "Sabol, Marian"]
[Black "Bernard, Borek"]
[Result "0-1"]
[WhiteElo "2350"]
[BlackElo "2258"]
[PlyCount "64"]
[EventDate "2005.07.??"]
[EventType "swiss"]
[EventRounds "7"]
[EventCountry "CZE"]
[SourceTitle "EXT 2006"]
[Source "ChessBase"]
[SourceDate "2005.11.24"]
[SourceVersion "1"]
[SourceVersionDate "2005.11.24"]
[SourceQuality "1"]

1. b3 d5 2. Bb2 c5 3. e3 Nc6 4. g3 Nf6 5. Bg2 Bf5 6. d3 Qd7 7. h3 e6 8. Ne2 h6 9. Nd2 Be7 10. a3 0-0 11. f4 Bh7 12. 0-0 Ne8 13. Nf3 f5 14. Ne5 Nxe5 15. Bxe5 Bg6 16. Bf3 Nf6 17. Nc1 Rac8 18. c4 Rfd8 19. Ra2 b5 20. Qc2 Qb7 21. Qg2 Be8 22. g4 Bc6 23. cxb5 Bxb5 24. gxf5 exf5 25. Kh2 Ne8 26. Rg1 Bf6 27. Qg6 Bxe5 28. fxe5 Qe7 29. d4 cxd4 30. exd4 Rc3 31. Qg2 Qh4 32. Rd2 Qf4+ 0-1

[Event "CZE-chT2c 0405"]
[Site "Czech Republic"]
[Date "2004.12.05"]
[Round "4.1"]
[White "Jirovsky, Pavel"]
[Black "Bernard, Borek"]
[Result "1/2-1/2"]
[WhiteElo "2378"]
[BlackElo "2288"]
[PlyCount "47"]
[EventDate "2004.10.17"]
[EventType "team"]
[EventRounds "11"]
[EventCountry "CZE"]
[SourceTitle "EXT 2007"]
[Source "ChessBase"]
[SourceDate "2006.11.23"]
[SourceVersion "1"]
[SourceVersionDate "2006.11.23"]
[SourceQuality "1"]
[WhiteTeam "Kolin II"]
[BlackTeam "AVE Kontakt"]
[WhiteTeamCountry "CZE"]
[BlackTeamCountry "CZE"]

1. d4 Nf6 2. Bg5 c5 3. dxc5 Qa5+ 4. Nd2 Qxc5 5. Ngf3 d5 6. e3 e6 7. c4 Be7 8. cxd5 Qxd5 9. Bc4 Qd8 10. 0-0 0-0 11. Rc1 a6 12. Qc2 h6 13. Bh4 Nc6 14. Rfd1 Qa5 15. a3 Rd8 16. Ba2 Bd7 17. Nc4 Qb5 18. Nd6 Bxd6 19. Rxd6 Be8 20. Rxd8 Rxd8 21. Bb1 Kf8 22. h3 Ne7 23. Nd4 Qa5 24. Bxf6 1/2-1/2

[Event "CZE-chT 0304"]
[Site "Czech Republic"]
[Date "2004.02.07"]
[Round "6"]
[White "Cernousek, Lukas"]
[Black "Bernard, Borek"]
[Result "0-1"]
[WhiteElo "2375"]
[BlackElo "2281"]
[PlyCount "72"]
[EventDate "2003.11.08"]
[EventType "team-tourn"]
[EventRounds "11"]
[EventCountry "CZE"]
[SourceTitle "EXT 2019"]
[Source "ChessBase"]
[SourceDate "2018.10.10"]
[SourceVersion "1"]
[SourceVersionDate "2018.10.10"]
[SourceQuality "1"]
[WhiteTeam "Kolin SK Sokol"]
[BlackTeam "Pardubice RC Sport"]
[WhiteTeamCountry "CZE"]
[BlackTeamCountry "CZE"]

1. e4 c5 2. Nf3 e6 3. d4 cxd4 4. Nxd4 a6 5. Nc3 Qc7 6. Bd3 d6 7. 0-0 Nf6 8. Qe2 Be7 9. Bg5 0-0 10. Rae1 Bd7 11. Kh1 Nc6 12. Nxc6 Bxc6 13. f4 Rae8 14. e5 Nd7 15. Qh5 g6 16. Qh4 f6 17. Bxg6 hxg6 18. Qh6 Rf7 19. Qxg6+ Rg7 20. Qxe8+ Nf8 21. exf6 Bxe8 22. fxg7 Kxg7 23. Nd5 Qxc2 24. Nxe7 Qxb2 25. f5 e5 26. Rb1 Qe2 27. Rfd1 Nh7 28. Bh4 Qe4 29. Bg3 Nf6 30. Re1 Qc2 31. Rxb7 Bf7 32. Rb6 Qc7 33. Rxa6 Qxe7 34. Rd1 Ne4 35. Be1 Qc7 36. Ra4 Qc2 0-1

[Event "CZE-chT 0203"]
[Site "Czech Republic"]
[Date "2002.11.30"]
[Round "3"]
[White "Bernard, Borek"]
[Black "Bauma, Jiri"]
[Result "1/2-1/2"]
[WhiteElo "2271"]
[BlackElo "2254"]
[PlyCount "43"]
[EventDate "2002.10.01"]
[EventType "team"]
[EventRounds "11"]
[EventCountry "CZE"]
[SourceTitle "EXT 2004"]
[Source "ChessBase"]
[SourceDate "2003.11.25"]
[SourceVersion "1"]
[SourceVersionDate "2003.11.25"]
[SourceQuality "1"]
[WhiteTeam "Pardubice"]
[BlackTeam "Praha Dukla"]
[WhiteTeamCountry "CZE"]
[BlackTeamCountry "CZE"]

1. e4 c5 2. Nf3 Nc6 3. d4 cxd4 4. Nxd4 Nf6 5. Nc3 e5 6. Ndb5 d6 7. Bg5 a6 8. Na3 Be6 9. Nc4 Rc8 10. Nd5 Bxd5 11. exd5 Ne7 12. Bxf6 gxf6 13. Qf3 f5 14. 0-0-0 Bg7 15. g4 b5 16. Ne3 f4 17. Nf5 Nxf5 18. gxf5 Qf6 19. Qe4 0-0 20. Bd3 Kh8 21. c3 Rc5 22. Kb1 1/2-1/2

[Event "CZE-chT 0102"]
[Site "Czech Republic"]
[Date "2002.03.09"]
[Round "8"]
[White "Bazant, Petr Sr"]
[Black "Bernard, Borek"]
[Result "1/2-1/2"]
[WhiteElo "2321"]
[BlackElo "2347"]
[PlyCount "118"]
[EventDate "2001.10.20"]
[EventType "team-tourn"]
[EventRounds "11"]
[EventCountry "CZE"]
[SourceTitle "EXT 2019"]
[Source "ChessBase"]
[SourceDate "2018.10.10"]
[SourceVersion "1"]
[SourceVersionDate "2018.10.10"]
[SourceQuality "1"]
[WhiteTeam "Zlin"]
[BlackTeam "Pardubice RC Sport"]
[WhiteTeamCountry "CZE"]
[BlackTeamCountry "CZE"]

1. d4 Nf6 2. c4 e6 3. Nf3 b6 4. g3 Bb7 5. Bg2 Be7 6. 0-0 0-0 7. Nc3 d5 8. Ne5 c6 9. cxd5 cxd5 10. Bf4 Nbd7 11. Rc1 Nxe5 12. Bxe5 Qd7 13. Qd3 Rac8 14. h3 Rfd8 15. Bxf6 Bxf6 16. f4 Rc4 17. e3 Rdc8 18. Rfd1 Be7 19. Bf1 Bb4 20. Qb1 R4c7 21. Nb5 Rxc1 22. Rxc1 a6 23. Nc3 f6 24. Bd3 g6 25. Nd1 e5 26. Rxc8+ Bxc8 27. Bf1 exd4 28. exd4 Qe8 29. Qc1 Bf5 30. Nc3 Qe6 31. Nxd5 Bd6 32. Ne3 Kg7 33. Nxf5+ Qxf5 34. Qd2 Qe6 35. b3 a5 36. Qe2 Qd5 37. Qc4 Qf3 38. Qd3 Qd5 39. Bg2 Qe6 40. Kf2 Bb4 41. Qe4 Qxe4 42. Bxe4 Kf7 43. Bd5+ Ke7 44. Ke3 Be1 45. g4 h6 46. Ke4 Bf2 47. Bc4 Kd6 48. Bf7 g5 49. Bc4 Bg3 50. Kf5 Ke7 51. d5 Bh2 52. Be2 Bg3 53. Bf1 Bh2 54. Bc4 Bg3 55. d6+ Kxd6 56. fxg5 fxg5 57. Kg6 Ke7 58. Kxh6 Kf6 59. Kh5 Bf2 1/2-1/2

[Event "CZE-ch U20"]
[Site "Kunzak"]
[Date "2002.02.13"]
[Round "6"]
[White "Jirka, Jiri"]
[Black "Bernard, Borek"]
[Result "1-0"]
[WhiteElo "2339"]
[BlackElo "2347"]
[PlyCount "85"]
[EventDate "2002.02.08"]
[EventType "tourn"]
[EventRounds "11"]
[EventCountry "CZE"]
[SourceTitle "EXT 2009"]
[Source "ChessBase"]
[SourceDate "2008.11.26"]
[SourceVersion "1"]
[SourceVersionDate "2008.11.26"]
[SourceQuality "1"]

1. d4 Nf6 2. c4 e5 3. dxe5 Ng4 4. Bf4 g5 5. Bg3 Nc6 6. Nf3 Bg7 7. Nc3 Ngxe5 8. Nxe5 Nxe5 9. e3 d6 10. c5 0-0 11. cxd6 cxd6 12. Be2 Be6 13. 0-0 f5 14. Qd2 Qe7 15. Rad1 Rad8 16. Nd5 Qf7 17. f4 gxf4 18. exf4 Nc6 19. Bf2 Kh8 20. b3 b6 21. Bf3 Rc8 22. Rfe1 Rfe8 23. h3 Qd7 24. Nb4 Nxb4 25. Qxb4 Bg8 26. Rxe8 Qxe8 27. Qxd6 Rc2 28. Qd8 Qxd8 29. Rxd8 Bf6 30. Ra8 Rc7 31. Bd5 Rg7 32. Bxg8 Rxg8 33. Rxa7 Rb8 34. Ra6 Bd8 35. Bd4+ Kg8 36. Ra7 h6 37. Rg7+ Kf8 38. Rh7 Ke8 39. Rxh6 Kd7 40. Be5 Rc8 41. Rd6+ Ke8 42. Rd2 Bh4 43. Kh2 1-0

[Event "CZE-ch U20"]
[Site "Kunzak"]
[Date "2002.02.11"]
[Round "4"]
[White "Mach, Petr"]
[Black "Bernard, Borek"]
[Result "0-1"]
[WhiteElo "2258"]
[BlackElo "2347"]
[PlyCount "96"]
[EventDate "2002.02.08"]
[EventType "tourn"]
[EventRounds "11"]
[EventCountry "CZE"]
[SourceTitle "EXT 2009"]
[Source "ChessBase"]
[SourceDate "2008.11.26"]
[SourceVersion "1"]
[SourceVersionDate "2008.11.26"]
[SourceQuality "1"]

1. e4 c5 2. Nf3 d6 3. d4 cxd4 4. Nxd4 Nf6 5. Nc3 a6 6. Bc4 e6 7. Bb3 Be7 8. 0-0 0-0 9. Kh1 b5 10. Re1 Bb7 11. a3 Nc6 12. f4 Nxd4 13. Qxd4 Nd7 14. e5 Nc5 15. Ba2 dxe5 16. Qxe5 Rc8 17. Qh5 g6 18. Qe2 Bh4 19. Rd1 Qc7 20. b4 Bf6 21. Bb2 Ne4 22. Nxe4 Bxb2 23. Nc5 Bxa1 24. Rxa1 Qe7 25. Qe5 Rxc5 26. bxc5 Rc8 27. Bb3 Qxc5 28. Qxc5 Rxc5 29. a4 b4 30. Rd1 Bd5 31. h3 Kf8 32. Rd4 a5 33. Rd2 Ke7 34. Bxd5 Rxd5 35. Re2 Kd6 36. Kh2 Kc5 37. Kg3 Kc4 38. Kh4 Kc3 39. g4 h6 40. f5 exf5 41. Rg2 fxg4 42. hxg4 Rd2 43. Rg3+ Kxc2 44. g5 Rd4+ 45. Kh3 h5 46. Rf3 Rd3 47. Kh4 Rd4+ 48. Kh3 b3 0-1

[Event "CZE-ch U20"]
[Site "Kunzak"]
[Date "2002.02.09"]
[Round "2"]
[White "Vaculik, Martin"]
[Black "Bernard, Borek"]
[Result "1/2-1/2"]
[WhiteElo "2234"]
[BlackElo "2347"]
[PlyCount "42"]
[EventDate "2002.02.08"]
[EventType "tourn"]
[EventRounds "11"]
[EventCountry "CZE"]
[SourceTitle "EXT 2009"]
[Source "ChessBase"]
[SourceDate "2008.11.26"]
[SourceVersion "1"]
[SourceVersionDate "2008.11.26"]
[SourceQuality "1"]

1. c4 Nf6 2. g3 c6 3. Bg2 d5 4. cxd5 cxd5 5. Nf3 Nc6 6. 0-0 Bg4 7. d4 e6 8. Nc3 Be7 9. Ne5 Nxe5 10. dxe5 Nd7 11. Qa4 Bh5 12. e4 dxe4 13. Nxe4 0-0 14. Nd6 Nxe5 15. Nxb7 Qd3 16. Be3 Rac8 17. Qb3 Qa6 18. Rfc1 Be2 19. Nc5 Qa5 20. Nb7 Qa6 21. Nc5 Qa5 1/2-1/2

[Event "CZE-chTV 0001"]
[Site "Czech Republic"]
[Date "2001.??.??"]
[Round "3"]
[White "Bernard, Borek"]
[Black "Stursa, Jan"]
[Result "0-1"]
[WhiteElo "2205"]
[BlackElo "2215"]
[PlyCount "80"]
[EventDate "2000.??.??"]
[EventType "team"]
[EventRounds "11"]
[EventCountry "CZE"]
[SourceTitle "EXT 2003"]
[Source "ChessBase"]
[SourceDate "2002.11.25"]
[SourceVersion "1"]
[SourceVersionDate "2002.11.25"]
[SourceQuality "1"]

1. e4 c5 2. Nf3 e6 3. d4 cxd4 4. Nxd4 a6 5. Nc3 d6 6. Be2 Nf6 7. Be3 Be7 8. f4 Qc7 9. 0-0 0-0 10. g4 d5 11. e5 Nfd7 12. Bf3 Nc6 13. Qd2 Nxd4 14. Bxd4 Bc5 15. g5 b5 16. Ne2 Bxd4+ 17. Nxd4 Bb7 18. c3 Nc5 19. Qe3 Ne4 20. Rfd1 Rac8 21. a4 bxa4 22. Bxe4 dxe4 23. Rxa4 Bd5 24. Rda1 Rb8 25. b4 f6 26. gxf6 gxf6 27. Rxa6 fxe5 28. Ra7 exf4 29. Rxc7 fxe3 30. Raa7 Rf6 31. c4 e5 32. Ne2 Rg6+ 33. Kf1 Be6 34. b5 h5 35. Ke1 Bg4 36. c5 Rd8 37. b6 Bf3 38. Ra1 Rg2 39. b7 Rxe2+ 40. Kf1 Rxh2 0-1

[Event "CZE-chTV 0102"]
[Site "Czech Republic"]
[Date "2001.??.??"]
[Round "2"]
[White "Bujnoch, Radek"]
[Black "Bernard, Borek"]
[Result "0-1"]
[WhiteElo "2158"]
[BlackElo "2328"]
[PlyCount "96"]
[EventDate "2001.??.??"]
[EventType "team"]
[EventRounds "11"]
[EventCountry "CZE"]
[SourceTitle "EXT 2003"]
[Source "ChessBase"]
[SourceDate "2002.11.25"]
[SourceVersion "1"]
[SourceVersionDate "2002.11.25"]
[SourceQuality "1"]
[WhiteTeam "Chrudim"]
[BlackTeam "Infinity B"]
[WhiteTeamCountry "CZE"]
[BlackTeamCountry "CZE"]

1. e4 c5 2. Nf3 b6 3. d4 cxd4 4. Nxd4 Bb7 5. Nc3 a6 6. g3 e6 7. a3 Qc7 8. Bg2 d6 9. 0-0 Nf6 10. Qe2 Be7 11. f4 0-0 12. f5 Nc6 13. Be3 Nxd4 14. Bxd4 e5 15. Be3 Rac8 16. Qf3 Nd7 17. g4 f6 18. h4 h6 19. Kf2 b5 20. Rh1 a5 21. g5 fxg5 22. hxg5 Bxg5 23. Bxg5 hxg5 24. Qh3 Nf6 25. Bf3 Kf7 26. Bh5+ Ke7 27. Qg2 Nxe4+ 28. Ke1 Qc5 29. Rh3 g4 30. Nxe4 Bxe4 31. Qxg4 Bxf5 32. Qxg7+ Ke6 33. Rc3 Qd4 34. Rxc8 Qh4+ 35. Kd2 Qf2+ 36. Kc1 Qe1+ 37. Bd1 Rxc8 38. Qh6+ Kd5 39. Qd2+ Qxd2+ 40. Kxd2 Rh8 41. b4 Rh2+ 42. Ke3 axb4 43. axb4 Bxc2 44. Be2 Ba4 45. Rg1 Rh4 46. Bf3+ Kc4 47. Rb1 Kc3 48. Be4 Rxe4+ 0-1

[Event "CZE-chTV 0102"]
[Site "Czech Republic"]
[Date "2001.??.??"]
[Round "2"]
[White "Hitzgerova, Gabriela"]
[Black "Bernard, Borek"]
[Result "1-0"]
[WhiteElo "2160"]
[BlackElo "2328"]
[PlyCount "47"]
[EventDate "2001.??.??"]
[EventType "team"]
[EventRounds "11"]
[EventCountry "CZE"]
[SourceTitle "EXT 2003"]
[Source "ChessBase"]
[SourceDate "2002.11.25"]
[SourceVersion "1"]
[SourceVersionDate "2002.11.25"]
[SourceQuality "1"]
[WhiteTeam "Bohemians II"]
[BlackTeam "Infinity B"]
[WhiteTeamCountry "CZE"]
[BlackTeamCountry "CZE"]

1. e4 c5 2. Nf3 b6 3. d3 e6 4. g3 d5 5. Nbd2 Nf6 6. Bg2 Bb7 7. 0-0 Be7 8. Re1 0-0 9. e5 Nfd7 10. Nf1 d4 11. h4 Na6 12. N1h2 Nc7 13. Ng4 Qc8 14. Bg5 Nd5 15. Nd2 Qd8 16. Ne4 h5 17. Nh2 Nxe5 18. Qxh5 Nd7 19. Nd6 Bc6 20. Bxd5 g6 21. Bxe7 Qxe7 22. Qf3 Bxd5 23. Qxd5 Nf6 24. Qg5 1-0